Agricultural trade liberalization in a new trade round : Perpectives of developing countries and transition economics

Đã lưu trong:
书目详细资料
格式: 图书
语言:Undetermined
出版: Washington D. C. The World Bank 2000
主题:
标签: 添加标签
没有标签, 成为第一个标记此记录!
Thư viện lưu trữ: Trung tâm Học liệu Trường Đại học Cần Thơ
LEADER 00541nam a2200169Ia 4500
001 CTU_62969
008 210402s9999 xx 000 0 und d
082 |a 382.41 
082 |b A277 
245 0 |a Agricultural trade liberalization in a new trade round : 
245 0 |b Perpectives of developing countries and transition economics 
260 |a Washington D. C. 
260 |b The World Bank 
260 |c 2000 
650 |a Agriculture and state 
904 |i Minh (Nguyên sửa) 
980 |a Trung tâm Học liệu Trường Đại học Cần Thơ